000 00785nam a2200241 i 4500
001 bg
245 0 0 _aKodeks spółek handlowych :
_bkomentarz /
_cJózef Frąckowiak [et al.] ; pod red. Kazimierza Kruczalaka.
250 _aStan prawny na dzień 6 października 2001 r.
260 _aWarszawa :
_bWydaw. Prawnicze LexisNexis,
_c2001.
300 _a975, [1] s. ;
_c24 cm.
504 _aIndeks.
650 9 _aSpółki handlowe
_xprawo
_zPolska
_ystan na 2001 r.
700 1 _aFRĄCKOWIAK, Kazimierz
700 1 _aKRUCZALAK, Kazimierz.
_eRed.
020 _a8373340289
040 _cBPK
041 0 _apl
080 _a347.72(438)(094.4)
920 _a83-7334-028-9
942 _cKS
008 s pl f |000 0 pol
999 _c40318
_d40318
856 _uhttp://koha.tu.koszalin.pl/cgi-bin/koha/opac-detail.pl?biblionumber=40318
_yKatalog online BPK